Endoscopie et biopsie de l'intestin (Record no. 17517)
[ view plain ]
| 000 -LEADER | |
|---|---|
| fixed length control field | 00365 a2200169 4500 |
| 035 ## - SYSTEM CONTROL NUMBER | |
| System control number | 0518 |
| 035 ## - SYSTEM CONTROL NUMBER | |
| System control number | 2472 |
| 100 ## - VEDETTE PRINCIPALE - NOM DE PERSONNE | |
| Personal name | Beck, K. |
| 245 ## - TITLE STATEMENT | |
| Title | Endoscopie et biopsie de l'intestin |
| 260 ## - PUBLICATION, DISTRIBUTION, ETC. (IMPRINT) | |
| Date of publication, distribution, etc | 1974 |
| 300 ## - PHYSICAL DESCRIPTION | |
| Extent | XII-357 p. |
| 700 ## - ADDED ENTRY--PERSONAL NAME | |
| Personal name | Dischler, W. |
| 700 ## - ADDED ENTRY--PERSONAL NAME | |
| Personal name | Helms, M. |
| Withdrawn status | Lost status | Damaged status | Not for loan | Location (home branch) | Sublocation or collection (holding branch) | Date acquired | Koha issues (times borrowed) | Koha full call number | Koha date last seen | Price effective from | Koha item type |
|---|---|---|---|---|---|---|---|---|---|---|---|
| Bibliothèque Faculté des Sciences de la Santé | Bibliothèque Faculté des Sciences de la Santé | 27/02/2009 | WB 379 END | 27/02/2009 | 27/02/2009 | Livre |